Collectors Quiz Stats

 Plays Quiz Updated Nov 27, 2018

Support Sporcle.
Go Orange.
Score 0/12 Timer 04:00
1 Play Today
Collector Collects % Correct
BibliophileBooks
90.5%
PhilatelistStamps
68.5%
ConchologistSea Shells
63.8%
NumismatistCoins
59.5%
SucrologistSugar Packets
50.2%
OologistEggs
18.5%
PhilographistAutographs
10.4%
DeltiologistPostcards
7.8%
VexillologistFlags
7.6%
ArctophilistTeddy Bears
5.8%
CopoclephilistKeyrings
3.3%
LaclabphilistCheese Labels
3.3%

From the Vault

Flipped Frames?

by georgieburgess

Woe to the art gallery directors out there who hang these wrong.
Remove Ads.
Support Sporcle.
Get the best of Sporcle when you Go Orange. This ad-free experience offers more features, more stats, and more fun while also helping to support Sporcle. Thank you for becoming a member.

Show Comments

Extras

Top Quizzes Today


Score Distribution

Your Account Isn't Verified!

In order to create a playlist on Sporcle, you need to verify the email address you used during registration. Go to your Sporcle Settings to finish the process.

Report this User

Report this user for behavior that violates our Community Guidelines.

Details: